000
00233nam a22001097a 4500
999
_c
264330
_d
264329
020
_a
0439866685
100
_a
Sarah Thomson
245
_a
Amazing Gorillas
260
_a
New York
_b
Scholastic Inc
_c
2005
300
_a
32p
942
_c
BK